{"text_format":"3","workbook":"xlsx","n_sheets":2,"sheets":["Bauabrechnung","Listen"],"not_rendered":{"defined_names":1},"read":"whole","date_system":"1900"}

{"sheet":"Bauabrechnung","index":0,"n_rows":161,"n_cols":20,"rows_kept":161,"merged":[[0,0,1,19],[3,1,3,4],[3,6,3,9],[3,11,3,13],[3,15,3,19],[4,1,4,2],[4,4,4,5],[4,7,4,9],[6,0,6,19],[7,0,7,2],[7,5,7,7],[7,10,7,12],[7,15,7,17],[8,0,8,2],[8,5,8,7]]}
["Bauabrechnung / BKP – Kostenkontrolle"]
[]
[]
["Projektname","Neubau Einfamilienhaus Musterstraße",{"$nulls":3},"Kunde / Bauherr","Familie Schneider",{"$nulls":3},"Verantwortlich","Sergio Bauleitung",null,null,"Standort","Musterstraße 12, 80331 München"]
["Startdatum","2026-01-15",null,"Geplantes Ende","2026-09-30",null,"Projektstatus","In Arbeit",null,null,"MwSt. (%)",{"v":0.19,"d":"19.0%"},null,"Reserve / Puffer (%)",{"v":0.05,"d":"5.0%"}]
[]
["Projektübersicht"]
["Gesamtbudget",null,null,{"$f":"SUM($I$12:$I$161)","v":{"v":161310,"d":"161,310.00 €"}},null,"Ist-Kosten",null,null,{"$f":"SUM($L$12:$L$161)","v":{"v":165073,"d":"165,073.00 €"}},null,"Abweichung (€)",null,null,{"$f":"I8-D8","v":{"v":3763,"d":"3,763.00 €"}},null,"Abweichung (%)",null,null,{"$f":"IF(D8=0,0,N8/D8)","v":{"v":0.023327754014010292,"d":"2.3%"}}]
["Ist-Kosten inkl. MwSt.",null,null,{"$f":"I8*(1+IF($L$5=\"\",0,$L$5))","v":{"v":196436.87,"d":"196,436.87 €"}},null,"Reservebetrag",null,null,{"$f":"D8*IF($O$5=\"\",0,$O$5)","v":{"v":8065.5,"d":"8,065.50 €"}}]
[]
["ID","Phase","BKP/KG","Position","Beschreibung","Einheit","Menge geplant","EP geplant (€)","Budget (€)","Menge Ist","EP Ist (€)","Ist-Kosten (€)","Abweichung (€)","Abweichung (%)","Status","Lieferant","Rechnung / Beleg","Rechnungsdatum","Zahlungsstatus","Bemerkungen"]
[1,"Rohbau","200","Erdarbeiten","Aushub und Bodenabfuhr","m³",{"v":120,"d":"120.00"},{"v":32,"d":"32.00 €"},{"$f":"IF(OR(G12=\"\",H12=\"\"),\"\",G12*H12)","v":{"v":3840,"d":"3,840.00 €"}},{"v":125,"d":"125.00"},{"v":34,"d":"34.00 €"},{"$f":"IF(OR(J12=\"\",K12=\"\"),\"\",J12*K12)","v":{"v":4250,"d":"4,250.00 €"}},{"$f":"IF(OR(I12=\"\",L12=\"\"),\"\",L12-I12)","v":{"v":410,"d":"410.00 €"}},{"$f":"IF(OR(I12=\"\",L12=\"\",I12=0),\"\",M12/I12)","v":{"v":0.10677083333333333,"d":"10.7%"}},"Abgeschlossen","Tiefbau Müller GmbH","RE-2026-001","2026-03-01","Bezahlt","Mehr Aushub wegen weichem Boden."]
[2,"Rohbau","200","Fundament","Schalung, Bewehrung und Beton","m³",{"v":45,"d":"45.00"},{"v":210,"d":"210.00 €"},{"v":9450,"d":"9,450.00 €"},{"v":45,"d":"45.00"},{"v":215,"d":"215.00 €"},{"v":9675,"d":"9,675.00 €"},{"v":225,"d":"225.00 €"},{"v":0.023809523809523808,"d":"2.4%"},"Abgeschlossen","Betonbau Süd GmbH","RE-2026-004","2026-03-18","Bezahlt","Leichte Preissteigerung bei Beton."]
[3,"Rohbau","300","Wände / Mauerwerk","Außen- und Innenwände in Kalksandstein","m²",{"v":380,"d":"380.00"},{"v":68,"d":"68.00 €"},{"v":25840,"d":"25,840.00 €"},{"v":390,"d":"390.00"},{"v":70,"d":"70.00 €"},{"v":27300,"d":"27,300.00 €"},{"v":1460,"d":"1,460.00 €"},{"v":0.0565015479876161,"d":"5.7%"},"Abgeschlossen","Mauerwerk Huber","RE-2026-008","2026-04-09","Bezahlt","Zusätzliche Innenwand im EG."]
[4,"Ausbau","300","Dach","Dachstuhl und Eindeckung","Pauschal",{"v":1,"d":"1.00"},{"v":18500,"d":"18,500.00 €"},{"v":18500,"d":"18,500.00 €"},{"v":1,"d":"1.00"},{"v":17900,"d":"17,900.00 €"},{"v":17900,"d":"17,900.00 €"},{"v":-600,"d":"-600.00 €"},{"v":-0.032432432432432434,"d":"-3.2%"},"Abgeschlossen","Dachtechnik Alpen","RE-2026-013","2026-05-06","Bezahlt","Skonto berücksichtigt."]
[5,"Ausbau","300","Fenster","3-fach verglaste Kunststofffenster","Stk",{"v":18,"d":"18.00"},{"v":650,"d":"650.00 €"},{"v":11700,"d":"11,700.00 €"},{"v":18,"d":"18.00"},{"v":670,"d":"670.00 €"},{"v":12060,"d":"12,060.00 €"},{"v":360,"d":"360.00 €"},{"v":0.03076923076923077,"d":"3.1%"},"Teilabgerechnet","Fensterbau Kern","RE-2026-017","2026-05-28","Teilweise bezahlt","Mehrpreis für Sicherheitsbeschläge."]
[6,"Ausbau","300","Türen","Innen- und Haustüren","Stk",{"v":14,"d":"14.00"},{"v":420,"d":"420.00 €"},{"v":5880,"d":"5,880.00 €"},{"v":14,"d":"14.00"},{"v":410,"d":"410.00 €"},{"v":5740,"d":"5,740.00 €"},{"v":-140,"d":"-140.00 €"},{"v":-0.023809523809523808,"d":"-2.4%"},"Beauftragt","Schreinerei Lorenz","RE-2026-021","2026-06-02","Offen","Endabrechnung nach Montage."]
[7,"Technik","400","Elektroinstallation","Unterverteilung, Leitungen, Schalter","Pauschal",{"v":1,"d":"1.00"},{"v":16500,"d":"16,500.00 €"},{"v":16500,"d":"16,500.00 €"},{"v":1,"d":"1.00"},{"v":17250,"d":"17,250.00 €"},{"v":17250,"d":"17,250.00 €"},{"v":750,"d":"750.00 €"},{"v":0.045454545454545456,"d":"4.5%"},"In Arbeit","Elektro Maier","RE-2026-026","2026-06-15","Teilweise bezahlt","Zusätzliche Steckdosen im Büro."]
[8,"Technik","400","Sanitär / Heizung","Wärmepumpe, Sanitärrohinstallation","Pauschal",{"v":1,"d":"1.00"},{"v":24800,"d":"24,800.00 €"},{"v":24800,"d":"24,800.00 €"},{"v":1,"d":"1.00"},{"v":24100,"d":"24,100.00 €"},{"v":24100,"d":"24,100.00 €"},{"v":-700,"d":"-700.00 €"},{"v":-0.028225806451612902,"d":"-2.8%"},"In Arbeit","Haustechnik Berger","RE-2026-029","2026-06-20","Teilweise bezahlt","Rabatt auf Wärmepumpe erhalten."]
[9,"Ausbau","300","Bodenbeläge","Fliesen und Vinyl in Wohnbereichen","m²",{"v":220,"d":"220.00"},{"v":48,"d":"48.00 €"},{"v":10560,"d":"10,560.00 €"},{"v":218,"d":"218.00"},{"v":51,"d":"51.00 €"},{"v":11118,"d":"11,118.00 €"},{"v":558,"d":"558.00 €"},{"v":0.05284090909090909,"d":"5.3%"},"Offen","Boden Design GmbH","",null,"Offen","Freigabe Muster durch Bauherr ausstehend."]
[10,"Außenanlagen","500","Außenanlagen","Wege, Terrasse und Rasenfläche","m²",{"v":340,"d":"340.00"},{"v":36,"d":"36.00 €"},{"v":12240,"d":"12,240.00 €"},{"v":360,"d":"360.00"},{"v":38,"d":"38.00 €"},{"v":13680,"d":"13,680.00 €"},{"v":1440,"d":"1,440.00 €"},{"v":0.11764705882352941,"d":"11.8%"},"Angefragt","Gartenbau Eder","","","Offen","Angebot 2 wird noch geprüft."]
[11,"Planung","700","Architekt / Genehmigungen","Honorar und Genehmigungsgebühren","Pauschal",{"v":1,"d":"1.00"},{"v":22000,"d":"22,000.00 €"},{"v":22000,"d":"22,000.00 €"},{"v":1,"d":"1.00"},{"v":22000,"d":"22,000.00 €"},{"v":22000,"d":"22,000.00 €"},{"v":0,"d":"0.00 €"},{"v":0,"d":"0.0%"},"Abgeschlossen","Architekturbüro Weiss","RE-2026-003","2026-02-20","Bezahlt","Gemäß Vertrag abgerechnet."]
[12,{"$nulls":7},"",null,null,"","",""]
[13,{"$nulls":7},"",null,null,"","",""]
[14,{"$nulls":7},"",null,null,"","",""]
[15,{"$nulls":7},"",null,null,"","",""]
[16,{"$nulls":7},"",null,null,"","",""]
[17,{"$nulls":7},"",null,null,"","",""]
[18,{"$nulls":7},"",null,null,"","",""]
[19,{"$nulls":7},"",null,null,"","",""]
[20,{"$nulls":7},"",null,null,"","",""]
[21,{"$nulls":7},"",null,null,"","",""]
[22,{"$nulls":7},"",null,null,"","",""]
[23,{"$nulls":7},"",null,null,"","",""]
[24,{"$nulls":7},"",null,null,"","",""]
[25,{"$nulls":7},"",null,null,"","",""]
[26,{"$nulls":7},"",null,null,"","",""]
[27,{"$nulls":7},"",null,null,"","",""]
[28,{"$nulls":7},"",null,null,"","",""]
[29,{"$nulls":7},"",null,null,"","",""]
[30,{"$nulls":7},"",null,null,"","",""]
[31,{"$nulls":7},"",null,null,"","",""]
[32,{"$nulls":7},"",null,null,"","",""]
[33,{"$nulls":7},{"$f":"IF(OR(G44=\"\",H44=\"\"),\"\",G44*H44)","v":""},null,null,{"$f":"IF(OR(J44=\"\",K44=\"\"),\"\",J44*K44)","v":""},{"$f":"IF(OR(I44=\"\",L44=\"\"),\"\",L44-I44)","v":""},{"$f":"IF(OR(I44=\"\",L44=\"\",I44=0),\"\",M44/I44)","v":""}]
[34,{"$nulls":7},"",null,null,"","",""]
[35,{"$nulls":7},"",null,null,"","",""]
[36,{"$nulls":7},"",null,null,"","",""]
[37,{"$nulls":7},"",null,null,"","",""]
[38,{"$nulls":7},"",null,null,"","",""]
[39,{"$nulls":7},"",null,null,"","",""]
[40,{"$nulls":7},"",null,null,"","",""]
[41,{"$nulls":7},"",null,null,"","",""]
[42,{"$nulls":7},"",null,null,"","",""]
[43,{"$nulls":7},"",null,null,"","",""]
[44,{"$nulls":7},"",null,null,"","",""]
[45,{"$nulls":7},"",null,null,"","",""]
[46,{"$nulls":7},"",null,null,"","",""]
[47,{"$nulls":7},"",null,null,"","",""]
[48,{"$nulls":7},"",null,null,"","",""]
[49,{"$nulls":7},"",null,null,"","",""]
[50,{"$nulls":7},"",null,null,"","",""]
[51,{"$nulls":7},"",null,null,"","",""]
[52,{"$nulls":7},"",null,null,"","",""]
[53,{"$nulls":7},"",null,null,"","",""]
[54,{"$nulls":7},"",null,null,"","",""]
[55,{"$nulls":7},"",null,null,"","",""]
[56,{"$nulls":7},"",null,null,"","",""]
[57,{"$nulls":7},"",null,null,"","",""]
[58,{"$nulls":7},"",null,null,"","",""]
[59,{"$nulls":7},"",null,null,"","",""]
[60,{"$nulls":7},"",null,null,"","",""]
[61,{"$nulls":7},"",null,null,"","",""]
[62,{"$nulls":7},"",null,null,"","",""]
[63,{"$nulls":7},"",null,null,"","",""]
[64,{"$nulls":7},"",null,null,"","",""]
[65,{"$nulls":7},{"$f":"IF(OR(G76=\"\",H76=\"\"),\"\",G76*H76)","v":""},null,null,{"$f":"IF(OR(J76=\"\",K76=\"\"),\"\",J76*K76)","v":""},{"$f":"IF(OR(I76=\"\",L76=\"\"),\"\",L76-I76)","v":""},{"$f":"IF(OR(I76=\"\",L76=\"\",I76=0),\"\",M76/I76)","v":""}]
[66,{"$nulls":7},"",null,null,"","",""]
[67,{"$nulls":7},"",null,null,"","",""]
[68,{"$nulls":7},"",null,null,"","",""]
[69,{"$nulls":7},"",null,null,"","",""]
[70,{"$nulls":7},"",null,null,"","",""]
[71,{"$nulls":7},"",null,null,"","",""]
[72,{"$nulls":7},"",null,null,"","",""]
[73,{"$nulls":7},"",null,null,"","",""]
[74,{"$nulls":7},"",null,null,"","",""]
[75,{"$nulls":7},"",null,null,"","",""]
[76,{"$nulls":7},"",null,null,"","",""]
[77,{"$nulls":7},"",null,null,"","",""]
[78,{"$nulls":7},"",null,null,"","",""]
[79,{"$nulls":7},"",null,null,"","",""]
[80,{"$nulls":7},"",null,null,"","",""]
[81,{"$nulls":7},"",null,null,"","",""]
[82,{"$nulls":7},"",null,null,"","",""]
[83,{"$nulls":7},"",null,null,"","",""]
[84,{"$nulls":7},"",null,null,"","",""]
[85,{"$nulls":7},"",null,null,"","",""]
[86,{"$nulls":7},"",null,null,"","",""]
[87,{"$nulls":7},"",null,null,"","",""]
[88,{"$nulls":7},"",null,null,"","",""]
[89,{"$nulls":7},"",null,null,"","",""]
[90,{"$nulls":7},"",null,null,"","",""]
[91,{"$nulls":7},"",null,null,"","",""]
[92,{"$nulls":7},"",null,null,"","",""]
[93,{"$nulls":7},"",null,null,"","",""]
[94,{"$nulls":7},"",null,null,"","",""]
[95,{"$nulls":7},"",null,null,"","",""]
[96,{"$nulls":7},"",null,null,"","",""]
[97,{"$nulls":7},{"$f":"IF(OR(G108=\"\",H108=\"\"),\"\",G108*H108)","v":""},null,null,{"$f":"IF(OR(J108=\"\",K108=\"\"),\"\",J108*K108)","v":""},{"$f":"IF(OR(I108=\"\",L108=\"\"),\"\",L108-I108)","v":""},{"$f":"IF(OR(I108=\"\",L108=\"\",I108=0),\"\",M108/I108)","v":""}]
[98,{"$nulls":7},"",null,null,"","",""]
[99,{"$nulls":7},"",null,null,"","",""]
[100,{"$nulls":7},"",null,null,"","",""]
[101,{"$nulls":7},"",null,null,"","",""]
[102,{"$nulls":7},"",null,null,"","",""]
[103,{"$nulls":7},"",null,null,"","",""]
[104,{"$nulls":7},"",null,null,"","",""]
[105,{"$nulls":7},"",null,null,"","",""]
[106,{"$nulls":7},"",null,null,"","",""]
[107,{"$nulls":7},"",null,null,"","",""]
[108,{"$nulls":7},"",null,null,"","",""]
[109,{"$nulls":7},"",null,null,"","",""]
[110,{"$nulls":7},"",null,null,"","",""]
[111,{"$nulls":7},"",null,null,"","",""]
[112,{"$nulls":7},"",null,null,"","",""]
[113,{"$nulls":7},"",null,null,"","",""]
[114,{"$nulls":7},"",null,null,"","",""]
[115,{"$nulls":7},"",null,null,"","",""]
[116,{"$nulls":7},"",null,null,"","",""]
[117,{"$nulls":7},"",null,null,"","",""]
[118,{"$nulls":7},"",null,null,"","",""]
[119,{"$nulls":7},"",null,null,"","",""]
[120,{"$nulls":7},"",null,null,"","",""]
[121,{"$nulls":7},"",null,null,"","",""]
[122,{"$nulls":7},"",null,null,"","",""]
[123,{"$nulls":7},"",null,null,"","",""]
[124,{"$nulls":7},"",null,null,"","",""]
[125,{"$nulls":7},"",null,null,"","",""]
[126,{"$nulls":7},"",null,null,"","",""]
[127,{"$nulls":7},"",null,null,"","",""]
[128,{"$nulls":7},"",null,null,"","",""]
[129,{"$nulls":7},{"$f":"IF(OR(G140=\"\",H140=\"\"),\"\",G140*H140)","v":""},null,null,{"$f":"IF(OR(J140=\"\",K140=\"\"),\"\",J140*K140)","v":""},{"$f":"IF(OR(I140=\"\",L140=\"\"),\"\",L140-I140)","v":""},{"$f":"IF(OR(I140=\"\",L140=\"\",I140=0),\"\",M140/I140)","v":""}]
[130,{"$nulls":7},"",null,null,"","",""]
[131,{"$nulls":7},"",null,null,"","",""]
[132,{"$nulls":7},"",null,null,"","",""]
[133,{"$nulls":7},"",null,null,"","",""]
[134,{"$nulls":7},"",null,null,"","",""]
[135,{"$nulls":7},"",null,null,"","",""]
[136,{"$nulls":7},"",null,null,"","",""]
[137,{"$nulls":7},"",null,null,"","",""]
[138,{"$nulls":7},"",null,null,"","",""]
[139,{"$nulls":7},"",null,null,"","",""]
[140,{"$nulls":7},"",null,null,"","",""]
[141,{"$nulls":7},"",null,null,"","",""]
[142,{"$nulls":7},"",null,null,"","",""]
[143,{"$nulls":7},"",null,null,"","",""]
[144,{"$nulls":7},"",null,null,"","",""]
[145,{"$nulls":7},"",null,null,"","",""]
[146,{"$nulls":7},"",null,null,"","",""]
[147,{"$nulls":7},"",null,null,"","",""]
[148,{"$nulls":7},"",null,null,"","",""]
[149,{"$nulls":7},"",null,null,"","",""]
[150,{"$nulls":7},"",null,null,"","",""]

{"sheet":"Listen","index":1,"n_rows":8,"n_cols":7,"rows_kept":8}
["Phase","BKP/KG","Einheit","Status","Zahlungsstatus",null,"Hinweis"]
["Planung","100","Stk","Offen","Offen",null,"Diese Listen speisen die Dropdown-Felder in der Haupttabelle."]
["Rohbau","200","m²","Angefragt","Teilweise bezahlt"]
["Ausbau","300","m³","Beauftragt","Bezahlt"]
["Technik","400","lfm","In Arbeit"]
["Außenanlagen","500","Std","Teilabgerechnet"]
["Nebenkosten","700","Pauschal","Abgeschlossen"]
["Abschluss"]